Statistics for Top 20 Largest Midwestern Cities in the Mid West

Click here to take the quiz!

General Stats

  • This quiz has been taken 213 times
  • The average score is 17 of 20

Answer Stats

Rank State Population City % Correct
1Illinois2,695,598Chicago
100%
4Michigan717,777Detroit
98%
2Indiana829,718Indianapolis
98%
9Minnesota387,753Minneapolis
98%
6Missouri459,787Kansas City
96%
8Ohio396,815Cleveland
96%
3Ohio787,033Columbus
94%
11Missouri319,294St. Louis
91%
13Minnesota288,448St. Paul
89%
5Wisconsin594,833Milwaukee
89%
7Nebraska432,958Omaha
88%
17Wisconsin233,209Madison
87%
18Iowa203,433Des Moines
86%
12Ohio296,943Cincinnati
85%
15Nebraska258,397Lincoln
84%
19Ohio199,110Akron
72%
10Kansas382,368Wichita
70%
14Ohio287,208Toledo
70%
16Indiana253,691Fort Wayne
55%
20Illinois197,889Aurora
42%

Score Distribution

Percentile by Number Answered

Percent of People with Each Score

Your Score History

You have not taken this quiz